| 000 | 00542nam a2200181Ia 4500 | ||
|---|---|---|---|
| 003 | IN-BaIIA | ||
| 008 | 211028s9999 xx 000 0 eng d | ||
| 020 | _a0-13-541888-7 | ||
| 040 | _cIIA Library | ||
| 080 |
_a519.68 _bGIL |
||
| 100 |
_aGill, Arthur _914181 |
||
| 245 | 0 |
_aMachine and Assembly Language Programming of the PDP-II _cArthur Gill |
|
| 260 |
_aEnglewood _bPrentice-Hall _c1983 |
||
| 300 | _axi, 211p. | ||
| 650 | _aComputer Programming | ||
| 650 | _aNASA Thesaurus | ||
| 942 | _cBK | ||
| 999 |
_c8464 _d8464 |
||